[Event "36th Olympiad"]
[Site "Calvia ESP"]
[Date "2004.10.28"]
[Round "13"]
[White "Johannessen,LE"]
[Black "Kanep,M"]
[Result "1-0"]
[WhiteElo "2519"]
[BlackElo "2475"]
[EventDate "2004.10.15"]

1. c4 e5 2. Nc3 Bb4 3. Nd5 a5 4. a3 Be7 5. d4 d6 6. Nf3 e4 7. Nd2 c6 8.
Nxe7 Qxe7 9. Nb1 Be6 10. d5 cxd5 11. cxd5 Bf5 12. Nc3 Nf6 13. Bg5 Nbd7 14.
e3 O-O 15. Be2 h6 16. Bh4 Ne5 17. Qd4 Ned7 18. O-O Nc5 19. Rad1 a4 20. f3
exf3 21. Rxf3 Bg6 22. Bxf6 gxf6 23. Qxf6 Qxf6 24. Rxf6 Rfd8 25. Bb5 Ra5 26.
Rd4 Kg7 27. Rdf4 Kh7 28. Be2 Kg7 29. g4 Rd7 30. h4 Bd3 31. Kf2 Bc2 32. g5
hxg5 33. hxg5 Bg6 34. Rb4 Re7 35. Rxd6 Re5 36. Rdb6 Ra8 37. Rc4 Ne4+ 38.
Nxe4 Bxe4 39. Bf3 Bxf3 40. Kxf3 Rxd5 41. Rxb7 Kg6 42. Rf4 Rxg5 43. Rfxf7
Rc5 44. Rf4 Rc2 45. Rb6+ Kg7 46. Rd4 Kf8 47. Rd7 Rh2 48. Rb4 Rh3+ 49. Ke2
Re8 50. Rxa4 Rhxe3+ 51. Kd2 Re2+ 52. Kc1 Rc8+ 53. Kb1 Rb8 54. Rb4 Rxb4 55.
axb4 Re4 56. b5 Ke8 57. Rd5 Ke7 58. Ka2 Ke6 59. Rc5 Kd6 60. Rc6+ Kd7 61.
Ka3 Rf4 62. b3 Rg4 63. Rc4 Rg8 64. Kb4 Rg6 65. Ka5 Rg3 66. b4 Ra3+ 67. Kb6
Kd8 68. Kb7 Rd3 69. b6 Rd6 70. Ka7 1-0

[Event "36th Olympiad"]
[Site "Calvia ESP"]
[Date "2004.10.28"]
[Round "13"]
[White "Sepp,O"]
[Black "Elsness,F"]
[Result "0-1"]
[WhiteElo "2455"]
[BlackElo "2425"]
[EventDate "2004.10.15"]

1. e4 c5 2. Ne2 d6 3. g3 Nc6 4. Bg2 g6 5. c3 Bg7 6. d4 e5 7. dxc5 dxc5 8.
Qxd8+ Nxd8 9. Na3 Ne7 10. Be3 b6 11. f4 exf4 12. gxf4 Ba6 13. Ng3 O-O 14.
Rd1 Ndc6 15. Kf2 Rad8 16. Bf3 Rxd1 17. Rxd1 Rd8 18. Rxd8+ Nxd8 19. Be2 Bb7
20. Nb5 Nc8 21. Bg4 Nc6 22. e5 f6 23. exf6 Bxf6 24. Ne4 Bh4+ 25. Ke2 N6e7
26. Ned6 Nxd6 27. Nxd6 Bc6 28. Kd3 Kg7 29. b4 h5 30. Bh3 Nd5 31. b5 Be7 32.
Nf5+ gxf5 33. bxc6 Kf6 34. Bg2 Nc7 35. c4 Ke6 36. Bf2 h4 37. a4 Bf6 38. a5
Kd6 39. axb6 axb6 40. Kc2 Ne6 41. Be3 Bd4 42. Bd2 Bg1 43. Be1 Nxf4 44. Bf3
Ne6 45. Kd3 Nd4 46. Bg2 Bxh2 47. Bxh4 Nxc6 48. Ke3 Ne5 49. Bf1 Nd7 50. Bd8
Be5 51. Bh3 Ke6 52. Kf3 Bf6 53. Bc7 Be5 54. Bd8 Bd6 55. Ke3 Ke5 56. Bg5 Ke6
57. Bd8 Bf8 58. Bg2 Bh6+ 59. Kd3 Kd6 60. Bh3 Ne5+ 61. Kc3 f4 62. Bxb6 f3
63. Bd8 Ng6 64. Bf6 Nf4 65. Bf1 Ng2 66. Kd3 Ke6 67. Bd8 Kf5 68. Bc7 Be3 69.
Bd6 Bd4 70. Bc7 Kg4 71. Bd6 Ne3 72. Be2 fxe2 73. Kxe2 Nxc4 74. Bxc5 Bxc5
75. Kd3 Nd6 76. Ke2 Kf4 77. Kd3 Kf3 78. Kc3 Ke3 79. Kc2 Bb4 80. Kb3 Ba5 81.
Ka4 Bc3 82. Kb3 Kd3 83. Ka3 Nb5+ 84. Ka4 Nd4 85. Ka3 Kc4 86. Ka4 Bd2 87.
Ka3 Kb5 88. Ka2 Bc1 89. Kb1 Ba3 90. Ka1 Kb4 91. Ka2 Ka4 92. Ka1 Kb3 93. Kb1
Nb5 0-1

[Event "36th Olympiad"]
[Site "Calvia ESP"]
[Date "2004.10.29"]
[Round "14"]
[White "Kulaots,K"]
[Black "Hernandez,Gi"]
[Result "1/2-1/2"]
[WhiteElo "2597"]
[BlackElo "2509"]
[EventDate "2004.10.15"]

1. e4 c5 2. Nf3 Nc6 3. d4 cxd4 4. Nxd4 Nf6 5. Nc3 d6 6. Bg5 Qb6 7. Nb3 e6
8. Bf4 Ne5 9. Be3 Qc7 10. f4 Nc6 11. g4 a6 12. g5 Nd7 13. Bd3 b5 14. Qd2
Bb7 15. O-O-O Be7 16. Kb1 Rc8 17. h4 Nc5 18. h5 Nxd3 19. cxd3 O-O 20. f5
exf5 21. Nd5 Qd8 22. exf5 Ne5 23. Nxe7+ Qxe7 24. f6 Qe6 25. Nd4 Nf3 26.
Nxe6 Nxd2+ 27. Bxd2 fxe6 28. Rhf1 Bg2 29. Rf2 Bh3 30. Bc3 Bg4 31. Re1 e5
32. Bb4 Rc6 33. Rc1 Rxc1+ 34. Kxc1 gxf6 35. gxf6 Bxh5 36. Bxd6 Rd8 37. Bxe5
Rxd3 38. Rd2 1/2-1/2

[Event "36th Olympiad"]
[Site "Calvia ESP"]
[Date "2004.10.29"]
[Round "14"]
[White "Almeida Saenz,A"]
[Black "Seeman,T"]
[Result "0-1"]
[WhiteElo "2388"]
[BlackElo "2421"]
[EventDate "2004.10.15"]

1. Nf3 Nf6 2. d4 g6 3. c4 Bg7 4. g3 O-O 5. Bg2 d6 6. Nc3 Nc6 7. O-O Bf5 8.
d5 Na5 9. Nd4 Bd7 10. Qd3 c5 11. dxc6 Nxc6 12. Nxc6 Bxc6 13. e4 a5 14. Rb1
Nd7 15. Be3 Nc5 16. Qd2 Re8 17. f3 a4 18. Rfd1 a3 19. b3 Qb8 20. Bd4 Bxd4+
21. Qxd4 Rd8 22. Rd2 e5 23. Qe3 Qc7 24. Rbd1 Qe7 25. Bh3 Kg7 26. Bf1 f6 27.
b4 Na4 28. b5 Nxc3 29. Qxc3 Be8 30. Qb4 Bf7 31. Rxd6 Rxd6 32. Qxd6 Kf8 33.
Kf2 Rc8 34. Qxe7+ Kxe7 35. Rc1 b6 36. Rc3 Ra8 37. Be2 Kd6 38. Rd3+ Ke7 39.
Rc3 Be6 40. c5 bxc5 41. Rxc5 Bxa2 42. b6 Bd5 43. Rxd5 a2 44. b7 a1=Q 45.
bxa8=Q Qxa8 46. Bf1 Qa2+ 47. Kg1 Qb3 48. Bg2 Qb6+ 49. Kf1 Qe3 50. Rd1 f5
51. Rd5 Ke6 52. Rd1 h5 53. Re1 Qd3+ 54. Kf2 Qd4+ 55. Kf1 f4 56. Re2 Qd1+
57. Re1 Qd3+ 58. Kf2 Qd4+ 59. Kf1 fxg3 60. hxg3 g5 61. Bh3+ Kf6 62. Bf5 h4
63. gxh4 gxh4 64. Re2 Qd1+ 65. Kf2 Kg5 66. Ke3 Qd4+ 0-1

[Event "36th Olympiad w"]
[Site "Calvia ESP"]
[Date "2004.10.16"]
[Round "1"]
[White "Duron,M"]
[Black "Piarnpuu,L"]
[Result "0-1"]
[WhiteElo "1858"]
[BlackElo "2227"]
[EventDate "2004.10.15"]

1. e4 c5 2. Nf3 Nc6 3. d4 cxd4 4. Nxd4 Nf6 5. Nc3 d6 6. Bg5 e6 7. Bb5 Bd7
8. O-O Be7 9. Re1 O-O 10. Nf3 Qc7 11. Qd2 a6 12. Bc4 b5 13. Bb3 Rfd8 14. a4
Na5 15. Rad1 Bc6 16. axb5 axb5 17. Ba2 b4 18. Bxf6 Bxf6 19. Nb1 Qb7 20. Qf4
Qc7 21. e5 dxe5 22. Rxd8+ Rxd8 23. Nxe5 Bxe5 24. Qh4 Bxb2 25. Qxb4 Bf6 26.
Nc3 Ba8 27. Nb5 Qb7 28. f3 Nc6 29. Qa4 Ne5 30. Nd4 h6 31. c3 Qc7 32. Rc1
Nd3 33. Rc2 Qf4 34. Re2 Qc1+ 0-1